Normal view
MARC view
- Sharp, John,
Entry Personal Name
001 - CONTROL NUMBER
- control field: 121990
003 - CONTROL NUMBER IDENTIFIER
- control field: NUST
005 - DATE AND TIME OF LATEST TRANSACTION
- control field: 20240307150539.0
008 - FIXED-LENGTH DATA ELEMENTS
- fixed length control field: 240307|| aca||aabn | a|a d
040 ## - CATALOGING SOURCE
- Original cataloging agency: NUST
- Transcribing agency: NUST
100 ## - HEADING--PERSONAL NAME
- Personal name: Sharp, John,
- Dates associated with a name: 1967-
670 ## - SOURCE DATA FOUND
- Source citation: Work cat.: (NUST)0: Sharp, John, 1967- author., Iterate :
